[Event "II Young Stars of the World"]
[Site "Kirishi RUS"]
[Date "2004.06.26"]
[Round "8"]
[White "Lintchevski,D"]
[Black "Nepomniachtchi,I"]
[Result "1/2-1/2"]
[WhiteElo "2248"]
[BlackElo "2445"]

1.e4 e6 2.d4 d5 3.Nd2 Be7 4.Bd3 c5 5.dxc5 Nf6 6.Ngf3 dxe4 7.Nxe4 Nxe4 8.Bxe4 Qxd1+
9.Kxd1 Bxc5 10.Ke2 Nd7 11.a3 a5 12.b3 Nf6 13.Bd3 b6 14.Bd2 Bd6 15.c4 Bb7
16.Bc3 Ke7 17.b4 Rhc8 18.Rhc1 g6 19.g3 Nd7 20.Rab1 axb4 21.axb4 Ra2+ 22.Nd2 e5
23.Ra1 Rca8 24.Rxa2 Rxa2 25.Rc2 Ra4 26.Rb2 f5 27.f3 Ba8 28.Bc2 Ra3 29.Nb1 Ra7
30.Nd2 Bc6 31.Bb3 Ra1 32.Rb1 Ra8 33.Rb2 g5 34.Ra2 Rc8 35.Bc2 Ke6 36.g4 fxg4
37.fxg4 Ke7 38.Bf5 Rf8 39.b5 Bb7 40.Ra7 Nc5 41.Ne4 Ra8 42.Rxa8 Bxa8 43.Nxc5 Bxc5
44.Bxe5 h6 45.Kd3 Bf3 46.Bd4 Bxd4  1/2-1/2

[Event "3rd Open"]
[Site "Rabat MAR"]
[Date "2004.06.26"]
[Round "2"]
[White "Fedorchuk,S"]
[Black "Chaoui,K"]
[Result "1-0"]
[WhiteElo "2569"]
[BlackElo "2198"]

1.e4 e6 2.d4 d5 3.Nd2 Nc6 4.Ngf3 Nf6 5.e5 Nd7 6.Bb5 a5 7.O-O Na7 8.Be2 c5
9.c4 Nb6 10.dxc5 Bxc5 11.Nb3 Bb4 12.a3 dxc4 13.Qxd8+ Kxd8 14.axb4 cxb3 15.bxa5 Nd7
16.Bd2 Nc6 17.Bc3 Nc5 18.Nd2 Bd7 19.Bc4 Ke7 20.Rfe1 Rhc8 21.Nxb3 Nxb3 22.Bxb3 Ra7
23.Ra3 Rca8 24.Rea1 Ke8 25.Bc4 g6 26.g4 g5 27.Kg2 h6 28.Kg3 Rc8 29.Bd3 Ne7
30.h4 Raa8 31.hxg5 hxg5 32.Bd2 Rc5 33.Rh1 Kd8 34.Be3 Rac8 35.b4 R5c6 36.b5 Rc5
37.a6 b6 38.Bxc5 bxc5 39.Rh8+ Be8 40.a7 Ra8 41.b6  1-0

[Event "ch-BEL"]
[Site "Westerlo BEL"]
[Date "2004.07.03"]
[Round "1"]
[White "Van Beers,E"]
[Black "Hovhanisian,M"]
[Result "0-1"]
[WhiteElo "2406"]
[BlackElo "2294"]

1.e4 e6 2.d4 d5 3.Nd2 a6 4.Ngf3 Nf6 5.Bd3 c5 6.exd5 exd5 7.dxc5 Bxc5 8.Nb3 Bd6
9.O-O O-O 10.h3 Nc6 11.c3 Re8 12.Bg5 h6 13.Bh4 g5 14.Bg3 Bxg3 15.fxg3 g4
16.Nfd4 gxh3 17.Nxc6 bxc6 18.Qf3 hxg2 19.Kxg2 Kg7 20.Qf4 Ra7 21.Nd4 Rc7 22.Bf5 c5
23.Rh1 Rh8 24.Nf3 Bxf5 25.Qxf5 Re7 26.Qd3 Qb8 27.b3 Rhe8 28.Rae1 Rxe1 29.Rxe1 Re4
30.Rf1 Ng4 31.Re1 Qe8 32.Qd2 Qe6 33.Rxe4 dxe4 34.Nh4 e3 35.Qe2 h5 36.Nf3 Qe4
37.Kg1 a5 38.c4 f6 39.Ne1 Ne5 40.Ng2 Nf3+ 41.Kf1 Nh2+ 42.Kg1 Ng4 43.Ne1 Qe5
44.Kg2 f5 45.Nd3 Qe4+ 46.Kg1 Kh6 47.Ne1 Qe5 48.Kg2 h4 49.gxh4 Qh2+ 50.Kf3 Qf2+
51.Qxf2 exf2 52.Ke2 fxe1=Q+ 53.Kxe1 Kh5 54.a3 Kxh4  0-1

[Event "TCh-GRE"]
[Site "Aghia Pelagia GRE"]
[Date "2004.07.05"]
[Round "2"]
[White "Karapanos,N"]
[Black "Nikolaidis,I"]
[Result "0-1"]
[WhiteElo "2248"]
[BlackElo "2516"]

1.e4 e6 2.d4 d5 3.Nd2 Nc6 4.Ngf3 Nf6 5.e5 Nd7 6.c3 f6 7.exf6 Qxf6 8.Bb5 Bd6
9.O-O O-O 10.Nb3 e5 11.dxe5 Ndxe5 12.Nxe5 Nxe5 13.f4 Nf7 14.Be3 c6 15.Bd3 Nh6
16.Bd4 Qh4 17.g3 Qh3 18.Re1 Bg4 19.Qd2 Bf5 20.Bf1 Qh5 21.Bc5 Rad8 22.Bxa7 g5
23.fxg5 Ng4 24.Bc5 Be4 25.Bd4 Bxg3 26.Rxe4 Bf2+ 27.Qxf2 Rxf2  0-1

[Event "IMA"]
[Site "Brno CZE"]
[Date "2004.07.05"]
[Round "3"]
[White "Czarnota,P"]
[Black "Vybiral,Z"]
[Result "1/2-1/2"]
[WhiteElo "2380"]
[BlackElo "2239"]

1.e4 e6 2.d4 d5 3.Nd2 a6 4.Ngf3 c5 5.exd5 exd5 6.Be2 Nc6 7.O-O cxd4 8.Nb3 Bd6
9.Nbxd4 Nge7 10.h3 O-O 11.Bd3 h6 12.c3 Qc7 13.Re1 Bd7 14.Be3 Rfe8 15.Qd2 Nxd4
16.Nxd4 Bh2+ 17.Kh1 Be5 18.Nf3 Bf6 19.Bc2 Rad8 20.Kg1 Bf5 21.Bf4 Qc8 22.Be5 Bxe5
23.Rxe5 Bxc2 24.Qxc2 Ng6 25.Rxe8+ Rxe8 26.Qd2 Qf5 27.Nd4 Qe4 28.g3 h5 29.f3 Qe5
30.f4 Qd6 31.h4 Qd7 32.f5 Ne5 33.Qg5 Ng4 34.Qxh5 Re4 35.Rf1 Qc7 36.Rf3 Qe5
37.Qg5 Re1+ 38.Kg2 Re2+ 39.Kg1 Re1+ 40.Kg2 Re2+ 41.Kg1 Re1+ 42.Kg2 Re2+ 43.Kg1 Re1+  1/2-1/2

[Event "ch-NOR"]
[Site "Molde NOR"]
[Date "2004.07.05"]
[Round "3"]
[White "Lie,K"]
[Black "Gausel,E"]
[Result "0-1"]
[WhiteElo "2430"]
[BlackElo "2520"]

1.e4 e6 2.d4 d5 3.Nd2 Be7 4.Ngf3 Nf6 5.e5 Nfd7 6.Bd3 c5 7.c3 Nc6 8.O-O a5
9.Re1 cxd4 10.cxd4 a4 11.Nb1 Nb6 12.Nc3 Bd7 13.h4 h6 14.h5 Nb4 15.Bf1 Bc6
16.a3 Na6 17.Nd2 Nc7 18.Qg4 Bf8 19.Bd3 Qd7 20.Re3 O-O-O 21.Rf3 Ne8 22.b4 axb3
23.Nxb3 Nc4 24.Rb1 f6 25.Bxc4 dxc4 26.Na5 f5 27.Qg6 Nc7 28.Be3 Bxf3 29.gxf3 Qe8
30.Qg2 Qxh5 31.Rxb7 Rd5 32.Nxd5 Nxd5 33.Bc1 f4 34.Ra7 c3 35.Kf1 Qf5 36.Qg4 Qxg4
37.fxg4 g5 38.Ke2 Nc7 39.Nc4 Kb8 40.Ra4 h5 41.gxh5 Rxh5 42.Nd6 Nd5 43.Rc4 Rh1
44.Rc8+ Ka7 45.Rxf8 Rxc1 46.Rc8 g4 47.Ne4 f3+ 48.Kd3 Rd1+ 49.Kc2 Re1 50.Nxc3 Nxc3
51.Rxc3 g3  0-1

[Event "GP CG de l'Heralt"]
[Site "Montpellier FRA"]
[Date "2004.07.07"]
[Round "3"]
[White "Pert,R"]
[Black "Bauer,Ch"]
[Result "1/2-1/2"]
[WhiteElo "2407"]
[BlackElo "2590"]

1.d4 e6 2.e4 d5 3.Nd2 Be7 4.Bd3 c5 5.dxc5 Nf6 6.Qe2 O-O 7.Ngf3 a5 8.O-O Na6
9.e5 Nd7 10.Bb5 Nc7 11.a4 Nxc5 12.Rd1 Nxb5 13.axb5 Bd7 14.b3 Qb6 15.c4 dxc4
16.bxc4 Rfd8 17.Ba3 Be8 18.h4 Qc7 19.Bxc5 Bxc5 20.Ne4 Be7 21.Rdc1 b6 22.Nc3 Rac8
23.Na4 h6 24.Qe4 Bc5 25.Rd1 Rd7 26.Rxd7 Qxd7 27.Qe2 Qc7 28.Rd1 Rb8 29.Rd3 Be7
30.Rd4 Bd8 31.Nd2 Be7 32.Nf3 Bd8 33.Nd2 Rc8 34.Rd6 Rb8 35.Rd4  1/2-1/2

[Event "22nd Open"]
[Site "Andorra la Vella AND"]
[Date "2004.07.08"]
[Round "6"]
[White "Michielsen,J"]
[Black "Comas Fabrego,L"]
[Result "0-1"]
[WhiteElo "2285"]
[BlackElo "2490"]

1.e4 e6 2.d4 d5 3.Nd2 a6 4.Ngf3 c5 5.exd5 exd5 6.dxc5 Bxc5 7.Nb3 Bb6 8.Be2 Nf6
9.O-O O-O 10.Bg5 h6 11.Bh4 Nc6 12.c3 g5 13.Bg3 Ne4 14.c4 dxc4 15.Bxc4 Qf6
16.Nbd2 Nxg3 17.hxg3 Bf5 18.Bb3 Rad8 19.Bc2 Be6 20.Qe2 g4 21.Ne4 Qg7  0-1

[Event "Proclient Cup"]
[Site "Olomouc CZE"]
[Date "2004.07.08"]
[Round "6"]
[White "Salai,L"]
[Black "Kanovsky,D"]
[Result "1-0"]
[WhiteElo "2394"]
[BlackElo "2286"]

1.e4 e6 2.d4 d5 3.Nd2 Be7 4.Bd3 c5 5.dxc5 Nf6 6.Qe2 Nc6 7.Ngf3 Nb4 8.O-O Nxd3
9.cxd3 Bxc5 10.Nb3 Be7 11.Bg5 h6 12.Bh4 Qb6 13.e5 Ng8 14.Bxe7 Nxe7 15.Nfd4 Bd7
16.Rfc1 O-O 17.Rc3 a5 18.a4 Rfc8 19.Rxc8+ Rxc8 20.Qd2 Nc6 21.Nxc6 bxc6 22.Ra3 Qb4
23.Qxb4 axb4 24.Ra1 c5 25.a5 c4 26.dxc4 dxc4 27.Nd4 c3 28.b3 Bc6 29.f3 Bd5
30.a6 Kh7 31.Kf2 f6 32.exf6 e5 33.Nc2 Bxb3 34.Nxb4 c2 35.a7 gxf6 36.Ke3 Rd8
37.Nxc2  1-0

[Event "Valoz Cup"]
[Site "Olomouc CZE"]
[Date "2004.07.08"]
[Round "7"]
[White "Priborsky,I"]
[Black "Tibensky,R"]
[Result "0-1"]
[WhiteElo "2205"]
[BlackElo "2425"]

1.e4 e6 2.d4 d5 3.Nd2 a6 4.Ngf3 c5 5.exd5 exd5 6.dxc5 Bxc5 7.Nb3 Bd6 8.Bg5 Ne7
9.Bh4 O-O 10.Be2 Nbc6 11.O-O Qc7 12.Bg3 Rd8 13.Nbd4 Nf5 14.c3 Nxg3 15.hxg3 Bc5
16.Qd2 Bg4 17.Rfe1 Qb6 18.b4 Bf8 19.a3 Bh5 20.Rad1 a5 21.Qg5 Bg6 22.Bd3 Nxd4
23.Nxd4 axb4 24.axb4 Rac8 25.Bxg6 hxg6 26.Rd3 Rd7 27.Nf3 Qf6 28.Qxf6 gxf6
29.Red1 Rdc7 30.Rxd5 Rxc3 31.Rd7 R8c7 32.b5 b6 33.g4 Rxd7 34.Rxd7 Bc5 35.g5 Kg7
36.Nd4 Rc1+ 37.Kh2 Re1 38.f4 Re4 39.Nb3 Bf8 40.Nd4 fxg5 41.fxg5 Be7 42.Nf3 Kf8
43.Rb7 Bc5 44.Kh3 Be3 45.Rd7 Ke8 46.Rb7 Bf2 47.g3 Be3 48.Kg2 Re7 49.Rxe7+ Kxe7
50.Kf1 Ke6 51.Ke2 Bc5 52.g4 Kd5 53.Kd3 Bf2 54.Ke2 Bg3 55.Ke3 Be5 56.Ne1 Bd4+
57.Kf4 Bc3 58.Nf3 Bb2 59.Kg3 Bc1 60.Kg2 Bf4 61.Kf2 Ke4 62.Ke2 Be3 63.Ne5 Kxe5
64.Kxe3 Kd5 65.Kf3 Kc5 66.Ke4 Kxb5 67.Ke5 Kc6 68.Kf6 b5 69.Kxf7 b4 70.Kxg6 b3
71.Kf7 b2 72.g6 b1=Q 73.g7 Qb3+ 74.Kf8 Qb4+ 75.Kf7 Qc4+ 76.Kf8 Qc5+ 77.Kg8 Qe7  0-1

[Event "19th North Sea Cup"]
[Site "Esbjerg DEN"]
[Date "2004.07.09"]
[Round "8"]
[White "Sulypa,A"]
[Black "Skytte,R"]
[Result "1-0"]
[WhiteElo "2469"]
[BlackElo "2403"]

1.e4 e6 2.d4 d5 3.Nd2 Be7 4.e5 Nh6 5.Ngf3 c5 6.dxc5 Nd7 7.Nb3 Nxc5 8.Nxc5 Bxc5
9.Bxh6 gxh6 10.Qd2 Qb6 11.Bd3 Bd7 12.O-O Bf8 13.c3 Bg7 14.a4 Rc8 15.Rfe1 Qc7
16.Qc2 d4 17.Nxd4 Bxe5 18.Nf3 Bg7 19.Bxh7 Bc6 20.Be4 O-O 21.Rad1 Rfd8 22.h3 Be8
23.Qb3 b6 24.Rxd8 Rxd8 25.Rd1 Bf6 26.Qc2 Rc8 27.Qd2 Rd8 28.Qc2 Rc8 29.Ra1 Kg7
30.Qe2 Rd8 31.Nh2 Qf4 32.Nf1 Qe5 33.Ng3 Bg5 34.Nf1 a5 35.Bf3 Qc5 36.g3 Be7
37.Ne3 Qe5 38.Nc4 Qc5 39.h4 Bf6 40.Kg2 Rc8 41.Nd2 Be7 42.Qe4 Qd6 43.Nc4 Qc5
44.Ne5 Bd6 45.Nd3 Qc7 46.Qg4+ Kh7 47.Qe4+ Kg7 48.Qd4+ Kh7 49.Re1 Bf8 50.Qe4+ Kg8
51.Nf4 Bg7 52.Nh5 Qc4 53.Nxg7 Qxe4 54.Rxe4 Kxg7 55.Rd4 Rc5 56.Kf1 e5 57.Rd6 Bxa4
58.Rxb6 Bc2 59.Be2 Be4 60.Rb5 Rxb5 61.Bxb5 Kf8 62.Ke2 Ke7 63.Ke3 Bd5 64.c4 Be6
65.c5 Bd5 66.f4 f6 67.fxe5 fxe5 68.Bd3 Kd7 69.Be4 Be6 70.Kf3 Ke7 71.g4 Kf6
72.Kg3 Bc8 73.c6 Ba6 74.c7  1-0

[Event "Valoz Cup"]
[Site "Olomouc CZE"]
[Date "2004.07.10"]
[Round "9"]
[White "Malinovsky,K"]
[Black "Tibensky,R"]
[Result "0-1"]
[WhiteElo "2231"]
[BlackElo "2425"]

1.e4 e6 2.d4 d5 3.Nd2 a6 4.Ngf3 c5 5.exd5 exd5 6.Be2 Nf6 7.O-O Be7 8.dxc5 Bxc5
9.Nb3 Bb6 10.Bg5 O-O 11.c3 Re8 12.Qc2 h6 13.Bh4 g5 14.Bg3 Ne4 15.Nfd4 Nc6
16.Rad1 Qf6 17.Bf3 Bf5 18.Nxf5 Qxf5 19.Bxe4 dxe4 20.Rd6 h5 21.h3 h4 22.Bh2 Rad8
23.Rxd8 Rxd8 24.Nd2 Rd3 25.Nc4 Ba7 26.Re1 Qd5 27.Qb3 Nd4 28.Qa4 b5 29.Qxa6 bxc4
30.Qxa7 Rd1 31.Qb8+ Kh7 32.Kf1 Rxe1+ 33.Kxe1 Nc2+  0-1

[Event "TCh-GRE"]
[Site "Aghia Pelagia GRE"]
[Date "2004.07.11"]
[Round "9"]
[White "Kotrotsos,V"]
[Black "Nikolaidis,I"]
[Result "1/2-1/2"]
[WhiteElo "2274"]
[BlackElo "2516"]

1.e4 e6 2.d4 d5 3.Nd2 Nc6 4.Ngf3 Nf6 5.e5 Nd7 6.Bb5 a6 7.Bxc6 bxc6 8.Nb3 c5
9.Na5 c6 10.Nb3 cxd4 11.Nbxd4 c5 12.Nb3 Be7 13.O-O O-O 14.Re1 Nb6 15.Na5 Qc7
16.c4 Nxc4 17.Nxc4 dxc4 18.Qc2 Rd8 19.Nd2 Rd4 20.Nxc4 Bb7 21.f3 Bd5 22.b3 Bh4
23.Bb2 Bxe1 24.Bxd4 cxd4 25.Rxe1 Bxc4 26.Qxc4 Qxc4 27.bxc4 Rc8 28.Rc1 g5
29.h4 gxh4 30.Kf2 Kf8 31.Ke2 Ke7 32.Kd3 Rg8 33.Kxd4 Rxg2 34.Rh1 Rg3 35.Rxh4 Rxf3
36.Rxh7 Kd7 37.Rh8 Kc6 38.Rc8+ Kb7 39.Rf8 Rf5  1/2-1/2

[Event "VII Magistral"]
[Site "Vicente Lopez ARG"]
[Date "2004.07.11"]
[Round "3"]
[White "Zambrana,O"]
[Black "Panno,O"]
[Result "1/2-1/2"]
[WhiteElo "2472"]
[BlackElo "2474"]

1.e4 e6 2.d4 d5 3.Nd2 Be7 4.Ngf3 Nf6 5.Bd3 c5 6.exd5 Qxd5 7.dxc5 Qxc5 8.O-O O-O
9.Qe2 Nbd7 10.Ne4 Qc7 11.Bg5 Re8 12.Rfd1 h6 13.Bh4 Nh5 14.Bxe7 Nf4 15.Qd2 Rxe7
16.Bf1 Nf8 17.c4 Bd7 18.Nd6 N4g6 19.Qb4 b6 20.Nd4 Rd8 21.a4 a5 22.Qa3 Be8
23.N4b5 Qb8 24.b4 Bxb5 25.Nxb5 axb4 26.Qxb4 Red7 27.Rdc1 Ne5 28.h3 Nc6 29.Qb3 Ng6
30.c5 Nge5 31.Qe3 bxc5 32.Rxc5 Rd5 33.Rac1 Na5 34.Rxd5 Rxd5 35.Qc3 Nec6 36.g3 Qd8
37.Bg2 Rd1+ 38.Rxd1 Qxd1+ 39.Kh2 Qd7 40.Qc5 g6 41.Nd6 Qa7 42.Qxa7 Nxa7 43.Nb7 Nc4
44.g4 Kf8 45.Kg3 Ke7 46.f4 g5 47.fxg5 hxg5 48.Nc5 f5 49.Bb7 Na5 50.Ba8 Nc4
51.gxf5 exf5 52.Bd5 Ne5 53.Bb3 Nac6 54.Nb7  1/2-1/2

[Event "111th ch-SCO"]
[Site "Hamilton SCO"]
[Date "2004.07.13"]
[Round "4"]
[White "Mannion,S"]
[Black "Grant,A"]
[Result "1/2-1/2"]
[WhiteElo "2333"]
[BlackElo "2193"]

1.d4 e6 2.e4 d5 3.Nd2 Be7 4.Bd3 c5 5.dxc5 Nf6 6.Qe2 O-O 7.Ngf3 a5 8.O-O Na6
9.exd5 exd5 10.Nb3 a4 11.Nbd4 Nxc5 12.Bb5 Bd7 13.Bf4 Re8 14.Bxd7 Qxd7 15.Ne5 Qc8
16.Qf3 Bd6 17.Ng4 Qxg4 18.Qxg4 Nxg4 19.Bxd6 Ne4 20.Bb4 Ne5 21.f3 Nf6 22.Rfe1 Nc6
23.Bc3 Nxd4 24.Bxd4 Nd7 25.Kf2 f6 26.Rxe8+ Rxe8 27.Rd1 Rc8 28.c3 Kf7 29.a3  1/2-1/2

[Event "XIII Open"]
[Site "Castellar del Valles ESP"]
[Date "2004.07.14"]
[Round "1"]
[White "Rios,Al"]
[Black "Comas Fabrego,L"]
[Result "1/2-1/2"]
[WhiteElo "2308"]
[BlackElo "2490"]

1.e4 e6 2.d4 d5 3.Nd2 a6 4.Ngf3 c5 5.exd5 exd5 6.Be2 c4 7.b3 cxb3 8.axb3 Nc6
9.Nf1 Nf6 10.Ng3 Bb4+ 11.Bd2 Bd6 12.Bb5 O-O 13.Bxc6 bxc6 14.O-O Ne4 15.Ba5 Qf6
16.Qd3 Re8 17.Rae1 Bf5 18.Nxf5 Qxf5 19.g3 Re6 20.Kg2 Rae8 21.Qxa6 Rh6 22.Ng1 Qh5
23.h3 Rhe6 24.Qd3  1/2-1/2

[Event "Aegean Open"]
[Site "Agios Kirykos GRE"]
[Date "2004.07.17"]
[Round "6"]
[White "Dochev,D"]
[Black "Skaperdas,K"]
[Result "1/2-1/2"]
[WhiteElo "2353"]
[BlackElo "2217"]

1.e4 e6 2.d4 d5 3.Nd2 Be7 4.c3 c5 5.dxc5 Bxc5 6.Nb3 Bb6 7.exd5 exd5 8.Qe2+ Ne7
9.Be3 Nbc6 10.Bxb6 Qxb6 11.Qb5 Qc7 12.Nf3 O-O 13.Be2 a6 14.Qc5 Re8 15.O-O b6
16.Qa3 Ng6 17.Rfe1 Nf4 18.Bf1 Bg4 19.Nbd4 Re4 20.g3 Nh3+ 21.Bxh3 Bxh3 22.Nxc6 Qxc6
23.Nd4 Qh6 24.Rxe4 dxe4 25.Qe7 Qd2 26.Qxe4 Rf8 27.Qe2 Qxe2 28.Nxe2 Rd8 29.Nd4 f6
30.Re1 Kf7 31.f3 h5 32.Kf2 a5 33.Re2 Bc8 34.h4 Rd6 35.a3 Ba6 36.Re3 g6 37.g4 hxg4
38.fxg4 Bc8 39.Kg3 Bd7 40.Kf4 Rd5 41.g5 Rc5 42.Rg3 Re5 43.gxf6 Re1 44.Re3 Rf1+
45.Kg3 Kxf6 46.Rf3+ Rxf3+ 47.Kxf3 Ke5 48.Ke3 Be8 49.b4 axb4 50.cxb4 Bd7 51.Ne2 Kf5
52.Nf4 Bc6 53.h5 gxh5 54.Nxh5 Ke5 55.Nf4 Be8 56.Ng2 Bb5 57.Kd2 Kd6 58.Kc3 Kc7
59.Kd4 Be8 60.Ne3 Ba4 61.Nd5+ Kc6 62.Nc3 Bb3 63.Ne4 Bc2 64.Nd2 Bd1 65.Kc3 Be2
66.Nb3 Bf1 67.Nd4+ Kd5 68.b5 Kc5 69.a4 Bh3 70.Nb3+ Kd6 71.Kb4 Bg4 72.Nd2 Bd1
73.Nc4+ Kc7 74.Ne3 Bf3 75.Kc4 Kd6 76.Kd4 Bh1 77.Nc4+ Kc7 78.Ke5 Bf3 79.Ne3 Bh5  1/2-1/2

[Event "Specsavers YM"]
[Site "Millfield School ENG"]
[Date "2004.07.19"]
[Round "1"]
[White "Antal,Ge"]
[Black "Rendle,T"]
[Result "1-0"]
[WhiteElo "2478"]
[BlackElo "2258"]

1.e4 e6 2.d4 d5 3.Nd2 Be7 4.c3 c5 5.dxc5 Nf6 6.exd5 Qxd5 7.b4 a5 8.Ngf3 axb4
9.cxb4 b6 10.Bc4 Qc6 11.O-O Nd5 12.Qb3 bxc5 13.b5 Qc7 14.Bb2 Bb7 15.a4 Ra5
16.Be5 Bd6 17.Bxd6 Qxd6 18.Bxd5 Bxd5 19.Qc3 Qc7 20.b6  1-0

[Event "MTO"]
[Site "Biel SUI"]
[Date "2004.07.21"]
[Round "3"]
[White "Malysheva,P"]
[Black "Riazantsev,A"]
[Result "0-1"]
[WhiteElo "2364"]
[BlackElo "2573"]

1.e4 e6 2.d4 d5 3.Nd2 Be7 4.e5 c5 5.Qg4 Bf8 6.Ndf3 h5 7.Qg3 Ne7 8.Bd3 b6
9.c4 Ba6 10.Ng5 Qd7 11.Qf3 Nec6 12.N1h3 Nxd4 13.Qg3 Bxc4 14.Bb1 Nbc6 15.Be3 O-O-O
16.Qf4 f6 17.exf6 Bd6 18.Qh4 gxf6 19.Nf3 Nxf3+ 20.gxf3 Ne5 21.Qxf6 Rdf8  0-1

[Event "2nd Asean GM"]
[Site "Bangkok THA"]
[Date "2004.07.22"]
[Round "2"]
[White "Zaw Win Lay"]
[Black "Yu Shaoteng"]
[Result "0-1"]
[WhiteElo "2532"]
[BlackElo "2476"]

1.e4 e6 2.d4 d5 3.Nd2 Be7 4.Bd3 c5 5.dxc5 Nf6 6.Qe2 O-O 7.Ngf3 a5 8.O-O Na6
9.exd5 exd5 10.Nb3 Re8 11.Bb5 Bd7 12.Bxd7 Qxd7 13.Be3 a4 14.Nbd4 a3 15.bxa3 Bxc5
16.Qd3 Nc7 17.Rab1 b6 18.Rb3 Ra5 19.h3 Ne4 20.Rd1 h6 21.c3 Qc8 22.Rdb1 Qa8
23.Qc2 Rxa3 24.Rxa3 Qxa3 25.c4 Qc3 26.Rc1 Qxc2 27.Rxc2 dxc4 28.Rxc4 Nd5 29.Nf5 Nxe3
30.fxe3 Nf6 31.Kf2 Nd5 32.Ra4 Nxe3 33.Nxe3 Rxe3 34.Kf1 g6 35.Nd2 Re5 36.Re4 Rd5
37.Ke2 Kg7 38.g4 h5 39.Nf3 hxg4 40.hxg4 f5 41.gxf5 Rxf5 42.a4 Kf6 43.Rc4 g5
44.Rg4 Kg6 45.Re4 Kh5 46.Re8 Kg4 47.Ne5+ Kg3 48.Nd3 Bg1 49.Rg8 g4 50.Re8 Rd5
51.Re4 Rd4 52.Rxd4 Bxd4 53.Kf1 Kf3 54.Ne1+ Ke3 55.Ng2+ Kd3 56.Nf4+ Kc4 57.Kg2 Bc5
58.Ng6 Bd6 59.Nh4 Kb4 60.Nf5 Bc5 61.Kg3 Kxa4 62.Kxg4 b5 63.Ng3 b4 64.Ne4 Bf8
65.Kf3 Kb3 66.Ke2 Kc2 67.Nd2 Bh6 68.Nc4 Bf4 69.Na5 Kc3 70.Kd1 Be3 71.Nb7 b3
72.Nd6 b2  0-1

[Event "Skanska Open"]
[Site "Pardubice CZE"]
[Date "2004.07.24"]
[Round "2"]
[White "Saric,A"]
[Black "Kindermann,S"]
[Result "0-1"]
[WhiteElo "2389"]
[BlackElo "2535"]

1.e4 e6 2.d4 d5 3.Nd2 Be7 4.c3 c5 5.exd5 Qxd5 6.Nb3 cxd4 7.Qxd4 Nf6 8.Nf3 O-O
9.Bg5 Qxd4 10.Nbxd4 a6 11.Ne5 h6 12.Bh4 Nbd7 13.Ndf3 Nc5 14.Ng4 Nd5 15.Bxe7 Nxe7
16.O-O-O b5 17.g3 Bb7 18.Bg2 Rfd8 19.Nh4 Bxg2 20.Nxg2 h5 21.Ne5 f6 22.Nf3 Nd3+
23.Kc2 Nxf2 24.Rxd8+ Rxd8 25.Rf1 Nh3 26.a4 e5 27.axb5 axb5 28.Ra1 Nc6 29.Ne3 Nf2
30.Ra6 Rd3 31.Ng2 Rxf3 32.Nh4 Re3 33.Kd2 Rd3+ 34.Ke2 Ne7 35.Ra7 Kf8 36.Rb7 Rd5
37.Kxf2 Rd2+ 38.Kg1 Rxb2 39.c4 b4 40.Rb8+ Kf7 41.Rb7 Ke6 42.Rb6+ Kd7 43.Rb7+ Kd8
44.h3 b3 45.Ng2 Nf5 46.c5 Nd4 47.Ne3 Re2 48.Nc4 Rc2 49.Nd6 b2 50.Nf7+ Ke8
51.Nd6+ Kf8 52.Rb8+ Ke7  0-1

[Event "Politiken Cup"]
[Site "Copenhagen DEN"]
[Date "2004.07.25"]
[Round "2"]
[White "Soraas,T"]
[Black "Holst,A"]
[Result "0-1"]
[WhiteElo "2107"]
[BlackElo "2358"]

1.e4 e6 2.d4 d5 3.Nd2 a6 4.Ngf3 c5 5.exd5 exd5 6.Be2 c4 7.O-O Bd6 8.Re1 Ne7
9.Nf1 O-O 10.Bg5 Nbc6 11.Bh4 b5 12.Bg3 Nf5 13.Bxd6 Nxd6 14.Ne5 Ne7 15.b4 f6
16.Nf3 Ne4 17.Ng3 Nc6 18.a4 Nc3 19.Qd2 Nxa4 20.c3 a5 21.bxa5 Nxa5 22.Bd1 Bd7
23.Bc2 Nb3 24.Bxb3 cxb3 25.Red1 Qc7 26.Ne1 Qxc3 27.Nd3 Bg4 28.f3 Qxd4+ 29.Nf2 Qxd2
30.Rxd2 Be6 31.Ne2 b2 32.Rb1 d4 33.Nxd4 Ba2 34.Rdxb2 Nxb2 35.Rxb2 Bc4 36.Ne4 Rfd8
37.Nxb5 Rab8 38.Nec3 Rd7 39.Rb4 Bxb5 40.Rxb5 Rxb5 41.Nxb5 Rd3 42.Kf1 h5 43.h4 Kf8
44.Ke2 Rb3 45.Nd6 Rb2+ 46.Kf1 Rb4 47.g3 Rb2 48.Ne4 Ke7 49.Nf2 Ra2 50.Nd3 g5
51.hxg5 fxg5 52.Nf2 Ke6 53.Nd1 Ke5 54.Nf2 Rc2 55.Nd3+ Kd4 56.Ne1 Ra2 57.Ng2 Rb2
58.Kg1 Ra2 59.Kf1 Kd3 60.f4 Ke4 61.fxg5 Kf3 62.g6 Rxg2  0-1

[Event "17th Open"]
[Site "Kiel GER"]
[Date "2004.07.25"]
[Round "3"]
[White "Feuerstack,A"]
[Black "Farago,I"]
[Result "0-1"]
[WhiteElo "2249"]
[BlackElo "2472"]

1.e4 e6 2.d4 d5 3.Nd2 Be7 4.c3 c5 5.dxc5 Bxc5 6.Nb3 Bb6 7.exd5 exd5 8.Qe2+ Ne7
9.Be3 Nbc6 10.Bxb6 axb6 11.Qd2 O-O 12.Nf3 Nf5 13.Be2 Nd6 14.O-O Nc4 15.Qc2 Qf6
16.Nfd4 Rd8 17.a3 g6 18.Rad1 Kg7 19.Qc1 Ne7 20.Nb5 Bd7 21.N5d4 Rac8 22.Nd2 Ba4
23.Rde1 Nxd2 24.Qxd2 Nc6 25.Nxc6 bxc6 26.Bd1 Bb5 27.Be2 Ba4 28.Bd1 Bxd1 29.Rxd1 c5
30.Qe2 d4 31.Rd3 dxc3 32.Rxc3 Rd4 33.h3 Rcd8 34.Rf3 Qd6 35.Re1 Rd7 36.Qe5+ Qxe5
37.Rxe5 h5 38.Rb3 Rd1+ 39.Kh2 R7d2 40.Rxb6 Rxf2 41.h4 Rdd2 42.Rg5 f6 43.Rg3 Rf4
44.Kh3 Rdd4 45.Rc3 Rxh4+ 46.Kg3 Rhg4+ 47.Kf3 Rdf4+ 48.Ke3 Rf5 49.Rc2 Rg3+  0-1

[Event "12th Open"]
[Site "St Affrique FRA"]
[Date "2004.07.25"]
[Round "2"]
[White "Nevednichy,V"]
[Black "Picard,R"]
[Result "1-0"]
[WhiteElo "2538"]
[BlackElo "2278"]

1.e4 e6 2.d4 d5 3.Nd2 Be7 4.e5 c5 5.Qg4 g6 6.dxc5 Nd7 7.Bb5 Qc7 8.Ngf3 Qxc5
9.Qd4 a6 10.Bd3 b5 11.Qf4 f6 12.O-O fxe5 13.Nxe5 Ngf6 14.Ndf3 Qd6 15.Re1 Nc5
16.Qh6 Nxd3 17.cxd3 Bf8 18.Qh4 Bg7 19.Bd2 O-O 20.Bb4  1-0

[Event "Open"]
[Site "Balatonlelle HUN"]
[Date "2004.07.26"]
[Round "8"]
[White "Berczes,C"]
[Black "Farago,I"]
[Result "1-0"]
[WhiteElo "2371"]
[BlackElo "2472"]

1.e4 e6 2.d4 d5 3.Nd2 Be7 4.Bd3 c5 5.dxc5 Nf6 6.Qe2 Nc6 7.Ngf3 O-O 8.e5 Nd7
9.Nb3 a5 10.h4 f5 11.a4 Nxc5 12.Nxc5 Bxc5 13.Be3 b6 14.Bb5 Bd7 15.Rd1 Qe7
16.Bg5 Qe8 17.h5 h6 18.Bf4 Na7 19.Bxd7 Qxd7 20.Qd2 Kh7 21.Rh3 Rfc8 22.Rg3 Bf8
23.Nd4 Nc6 24.Nb5 d4 25.Nxd4 Nxd4 26.Qxd4 Qxd4 27.Rxd4 Rxc2 28.Rd7 Rac8 29.b3 Rb2
30.Bd2 Rc5 31.f4 Rb1+ 32.Ke2 Rc2 33.Rg6 Rg1 34.Kd3 Rc6 35.b4 axb4 36.Bxb4 Rb1
37.Bd2 Rg1 38.Rb7 Kg8 39.Bb4 Rb1 40.Bxf8 Rb3+ 41.Kd2 Rb2+ 42.Kd3 Rb3+ 43.Kd4 Kxf8
44.Rgxg7 Rb4+ 45.Ke3 Re4+ 46.Kd3  1-0

[Event "7th Open"]
[Site "Korinthos GRE"]
[Date "2004.07.26"]
[Round "6"]
[White "Kotronias,V"]
[Black "Nikolaidis,I"]
[Result "1/2-1/2"]
[WhiteElo "2608"]
[BlackElo "2516"]

1.e4 e6 2.d4 d5 3.Nd2 Nc6 4.Ngf3 Nf6 5.e5 Nd7 6.c3 f6 7.Bb5 fxe5 8.dxe5 Be7
9.O-O O-O 10.Re1 Qe8 11.Nf1 Nc5 12.Ng3 a6 13.Bf1 a5 14.b3 b6 15.Nd4 Ba6 16.Bxa6 Nxd4
17.Bf1 Nf5 18.Nxf5 Rxf5 19.f3 Qc6 20.a4 Rd8 21.Bb5 Qb7 22.Ra2 c6 23.Bf1 Rdf8
24.Kh1 Bh4 25.g3 Rxf3 26.gxh4 Ne4 27.Bg2 Nxc3 28.Qc2 Nxa2 29.Bxf3 Rxf3 30.Qxa2 Qf7
31.Kg1 Qh5 32.Bg5 Qg6 33.Qg2 Rxb3 34.Bd8 Qf5 35.Bf6 g6 36.Qg5 Qh3 37.Be7 Rf3
38.Qg2 Qf5 39.Bd8 Rb3 40.Qg5 Rb4 41.Qxf5 gxf5 42.Kf2 Kf7 43.Rg1 Rxa4 44.Bf6 Rg4
45.Rc1 c5 46.h3 Rg8 47.Rb1 Rb8 48.Rg1 Rg8 49.Rb1 Rb8  1/2-1/2

[Event "7th Open"]
[Site "Korinthos GRE"]
[Date "2004.07.28"]
[Round "8"]
[White "Managadze,N"]
[Black "Vysochin,S"]
[Result "1/2-1/2"]
[WhiteElo "2463"]
[BlackElo "2599"]

1.e4 e6 2.d4 d5 3.Nd2 Nc6 4.Ngf3 Nf6 5.e5 Nd7 6.Be2 Be7 7.Nf1 O-O 8.Ng3 f6
9.exf6 Bxf6 10.O-O e5 11.dxe5 Ndxe5 12.c3 Nxf3+ 13.Bxf3 Be6 14.Be3 Qd6 15.Bg4 Bxg4
16.Qxg4 Ne5 17.Qe2 Nc4 18.Ne4 Qe7 19.Nxf6+ Rxf6 20.b3 Nxe3 21.Qxe3 Qxe3 22.fxe3 Kf7
23.Rad1 Rxf1+ 24.Kxf1 Ke6 25.Ke2 Rf8 26.e4 dxe4 27.Rd4 Kf5  1/2-1/2

[Event "Politiken Cup"]
[Site "Copenhagen DEN"]
[Date "2004.07.29"]
[Round "7"]
[White "Hansen,SuB"]
[Black "Schlecht,D"]
[Result "0-1"]
[WhiteElo "2552"]
[BlackElo "2363"]

1.e4 e6 2.d4 d5 3.Nd2 Be7 4.Ngf3 Nf6 5.e5 Nfd7 6.c3 c5 7.Bd3 Nc6 8.O-O a5
9.Re1 cxd4 10.cxd4 Qb6 11.Nb1 Nxd4 12.Nxd4 Qxd4 13.Nc3 Bc5 14.Be3 Qh4 15.g3 Qe7
16.Nb5 O-O 17.Qh5 g6 18.Qh6 Nxe5 19.Bxc5 Nf3+ 20.Kh1 Qxc5 21.Re3 Bd7 22.Rxf3 Bxb5
23.Rc1 Qb6 24.g4 Bxd3 25.Rh3 g5 26.Rxd3 f6 27.Rf3 Qxb2 28.Re1 Rae8 29.h4 gxh4
30.g5 fxg5 31.Qxg5+ Qg7 32.Qh5 Rxf3 33.Rg1 Rh3+  0-1

[Event "Open Dutch Champ"]
[Site "Dieren NED"]
[Date "2004.07.29"]
[Round "3"]
[White "Tiviakov,S"]
[Black "Compagnie,L"]
[Result "1-0"]
[WhiteElo "2601"]
[BlackElo "2196"]

1.e4 e6 2.d4 d5 3.Nd2 Be7 4.Bd3 c5 5.dxc5 Nf6 6.Qe2 O-O 7.Ngf3 a5 8.a4 Na6
9.e5 Nd7 10.c3 Naxc5 11.Bc2 f6 12.O-O Qc7 13.exf6 Bxf6 14.Nd4 Nb6 15.Nb5 Qe7
16.b3 Bd7 17.Ba3 Rfc8 18.Rac1 Qf8 19.Nf3 Be7 20.Nfd4 Qf6 21.Rce1 Ra6 22.f4 Na8
23.f5 Qh6 24.fxe6 Bxe6 25.Bf5 Re8 26.Nxe6  1-0

[Event "ch-GBR"]
[Site "Scarborough ENG"]
[Date "2004.08.06"]
[Round "5"]
[White "Howell,D"]
[Black "Walton,A"]
[Result "1-0"]
[WhiteElo "2334"]
[BlackElo "2208"]

1.e4 e6 2.d4 d5 3.Nd2 Be7 4.Bd3 c5 5.dxc5 Nd7 6.exd5 exd5 7.Nb3 Ngf6 8.Be3 O-O
9.Nf3 Qc7 10.O-O Nxc5 11.Nxc5 Bxc5 12.Bxc5 Qxc5 13.Qd2 Re8 14.Rfe1 Bd7 15.Qf4 Bb5
16.Bf5 Qc4 17.Qxc4 dxc4 18.c3 Rxe1+ 19.Rxe1 Re8 20.Rxe8+ Bxe8 21.Nd4 Bd7
22.f3 g6 23.Bxd7 Nxd7 24.Nb5 a6 25.Nd6 b5 26.a4 bxa4 27.Nxc4 Nc5 28.Kf2 Nd3+
29.Ke3 Nxb2 30.Na3 Nd1+ 31.Kd2 Nxc3 32.Kxc3 Kg7 33.Nc4 Kf6 34.Kb4 Kg5 35.g3 f5
36.Nd2 f4 37.Ne4+ Kf5 38.g4+ Ke5 39.Ng5 Kd4 40.Nxh7 Ke3 41.Ng5 Kf2 42.h4  1-0